Prophet Muhammad's legacy to all creation / (Record no. 7081)

MARC details
000 -LEADER
fixed length control field 00532nam a22001817a 4500
003 - CONTROL NUMBER IDENTIFIER
control field OSt
005 - DATE AND TIME OF LATEST TRANSACTION
control field 20240723082842.0
008 - FIXED-LENGTH DATA ELEMENTS--GENERAL INFORMATION
fixed length control field 240723b |||||||| |||| 00| 0 eng d
020 ## - INTERNATIONAL STANDARD BOOK NUMBER
International Standard Book Number 978081102108
040 ## - CATALOGING SOURCE
Transcribing agency n
082 ## - DEWEY DECIMAL CLASSIFICATION NUMBER
Classification number 297.63 M236 2008
100 ## - MAIN ENTRY--PERSONAL NAME
Personal name Malabari, Ibrahim H
245 ## - TITLE STATEMENT
Title Prophet Muhammad's legacy to all creation /
Statement of responsibility, etc. Ibrahim H. Malabari
260 ## - PUBLICATION, DISTRIBUTION, ETC.
Name of publisher, distributor, etc. Compass Books, Mississauga, Ont., 2008
300 ## - PHYSICAL DESCRIPTION
Extent 234 pages, 21 cm.
650 ## - SUBJECT ADDED ENTRY--TOPICAL TERM
Geographic subdivision Mercy in the Qurʼan l Muḥammad, Prophet, -632
942 ## - ADDED ENTRY ELEMENTS (KOHA)
Source of classification or shelving scheme Dewey Decimal Classification
Koha item type English Book
Suppress in OPAC No
Holdings
Withdrawn status Lost status Source of classification or shelving scheme Damaged status Not for loan Home library Current library Date acquired Total Checkouts Full call number Barcode Date last seen Price effective from Koha item type
    Dewey Decimal Classification     CENTRAL CENTRAL 07/28/2024   297.63 M236 2008 1000000020018 07/28/2024 07/28/2024 English Book